| 000 | 01811nam a22004217a 4500 | ||
|---|---|---|---|
| 003 | CHAP | ||
| 005 | 20220329134355.0 | ||
| 008 | 971013s r 00010 d | ||
| 010 | _a19572 | ||
| 011 | _a20544 | ||
| 035 | _a24632 | ||
| 040 | _cCHAP | ||
| 082 |
_a633.2 _bC46 |
||
| 110 |
_aCentro Internacional de Agricultura Tropical. Programa de Pastos Tropicales _921190 |
||
| 245 |
_aInforme anual _b: 19 - |
||
| 260 |
_aCali : _b(El Centro), _c19 - |
||
| 300 | _av. | ||
| 500 | _aLa biblioteca tiene: 1979, 1980, 1981, 1982, 1983, 1984, 1985, 1986, 1987, 1988 | ||
| 590 |
_aBATCH-UPD _b10 _c20130110 _lUCH01 _h2144 |
||
| 590 |
_aBATCH-UPD _b10 _c20130410 _lUCH01 _h1453 |
||
| 590 |
_aBATCH-UPD _b10 _c20130914 _lUCH01 _h1903 |
||
| 590 |
_aCONVERSION _b10 _c20130109 _lUCH01 _h1312 |
||
| 650 | 1 | 4 |
_aPastos _xInvestigación. _986052 |
| 650 | 1 | 4 |
_aPastos _xTrópicos. _986085 |
| 901 | _aBK | ||
| 942 | _cLIBRO | ||
| 949 |
_a633.2 C46 _bBC _cLIBRO _d33724000037545 _eLIBRO _f1984 _h66228 _i24632 _si |
||
| 949 |
_a633.2 C46 _bBC _cLIBRO _d33724000197356 _eLIBRO _f1981 _h59851 _i24632 _si |
||
| 949 |
_a633.2 C46 _bBC _cLIBRO _d33724000197364 _eLIBRO _f1983 _h62842 _i24632 _si |
||
| 949 |
_a633.2 C46 _bBC _cLIBRO _d33724000197372 _eLIBRO _f1980 _h59815 _i24632 _si |
||
| 949 |
_a633.2 C46 _bBC _cLIBRO _d33724000197398 _eLIBRO _f1983 c.3 _h68380 _i24632 _si |
||
| 949 |
_a633.2 C46 _bBC _cLIBRO _d33724000198016 _eLIBRO _f1985 _h69099 _i24632 _si |
||
| 949 |
_a633.2 C46 _bBC _cLIBRO _d33724000198024 _eLIBRO _f1986 _h72721 _i24632 _si |
||
| 949 |
_a633.2 C46 _bBC _cLIBRO _d33724000198032 _eLIBRO _f1988 _h76974 _i24632 _si |
||
| 949 |
_a633.2 C46 _bBC _cLIBRO _d33724000198040 _eLIBRO _f1987 _h74984 _i24632 _si |
||
| 949 |
_a633.2 C46 _bBC _cLIBRO _d33724000678140 _eLIBRO _f1982 _h62137 _i24632 _si |
||
| 949 |
_a633.2 C46 _bBC _cMUT _d-56746 _eMUT _f1979 _h52588 _i24632 _si |
||
| 999 |
_c19572 _d19572 |
||